| 000 | 00541nam a22001695i 4500 | ||
|---|---|---|---|
| 001 | 48550 | ||
| 003 | ES-MaACL | ||
| 005 | 20230906161754.0 | ||
| 007 | t| | ||
| 008 | 950724s1872 it ||||1| ita d | ||
| 040 |
_aCAM _bspa _cCAM |
||
| 100 | 1 |
_aDe Sanctis, Francesco. _943078 |
|
| 245 | 1 | 3 |
_aLa scienza e la vita _b: discorso inaugurale letto nella Universitá di Napoli il 16 novembre 1872 / _cda Francesco de Sanctis. |
| 260 |
_aNapoli : _bpresso Antonio Morano, _c1872. |
||
| 300 |
_a39 p. ; _c19 cm. |
||
| 852 |
_aES-MaACL _jT-1232-F-5 |
||
| 999 |
_c48550 _d48550 |
||